000 00814nam a2200277Ia 4500
003 OSt
005 20220912151319.0
006 a|||||r|||| 00| 0
007 ta
008 220909b |||||||| |||| 00| 0 eng d
024 _a60640
037 _cTextual
040 _aCSL
_beng
_cCSL
041 _aeng
082 _aA:(R)p1,N72, L41
100 _aCohen robert S
111 _aMeeting on the Philosophy of Science (1972 : Lansing)
245 0 _aProceeding on the phiosophy of science
260 _aDordrecht-Houand
_bD Reidel
_c1974
300 _aix,445p.
_ccm.
490 _aBoston studies in the philosophy of science
650 _aScience
700 _a Wartofsky Mark W
942 _hA:(R)p1,N72, L41
_cTEXL
_2CC
999 _c65834
_d65834